British industries and their organization / (Record no. 184552)
[ view plain ]
| 000 -LEADER | |
|---|---|
| fixed length control field | 00882 a2200205 4500 |
| 003 - CONTROL NUMBER IDENTIFIER | |
| control field | Nust |
| 005 - DATE AND TIME OF LATEST TRANSACTION | |
| control field | 20230308125426.0 |
| 010 ## - LIBRARY OF CONGRESS CONTROL NUMBER | |
| LC control number | 75522281 |
| 020 ## - INTERNATIONAL STANDARD BOOK NUMBER | |
| International Standard Book Number | 0582480019 |
| 040 ## - CATALOGING SOURCE | |
| Transcribing agency | Nust |
| 082 00 - DEWEY DECIMAL CLASSIFICATION NUMBER | |
| Classification number | 338,ALL |
| 100 1# - MAIN ENTRY--PERSONAL NAME | |
| Personal name | Allen, G. C. |
| 9 (RLIN) | 110010 |
| 245 10 - TITLE STATEMENT | |
| Title | British industries and their organization / |
| Statement of responsibility, etc. | [by] G. C. Allen. |
| 250 ## - EDITION STATEMENT | |
| Edition statement | 5th ed. |
| 260 ## - PUBLICATION, DISTRIBUTION, ETC. | |
| Place of publication, distribution, etc. | Harlow, |
| Name of publisher, distributor, etc. | Longmans, |
| Date of publication, distribution, etc. | 1970. |
| 300 ## - PHYSICAL DESCRIPTION | |
| Extent | xii, 326 p. |
| Dimensions | 25 cm. |
| 505 ## - FORMATTED CONTENTS NOTE | |
| Formatted contents note | British Industry Before 1914 (Page-1), The Staple Trader (Page-20), Coal (Page-29), Iron And Steel (Page-77), Engineering (Page-134), Shipbuilding And Marine Engineering (Page-145), The Motor Trade (Page-168), Textiles-Cotton (Page-205), Textiles-Woolen And Worsted (Page-251), British Industry Since The War (Page-271), Changes In The Structure Of Industry (Page-287). |
| 650 #0 - SUBJECT ADDED ENTRY--TOPICAL TERM | |
| Topical term or geographic name entry element | Industries |
| Geographic subdivision | Great Britain. |
| 9 (RLIN) | 110011 |
| 942 ## - ADDED ENTRY ELEMENTS (KOHA) | |
| Source of classification or shelving scheme | |
| Koha item type | Book |
| Withdrawn status | Lost status | Source of classification or shelving scheme | Damaged status | Not for loan | Permanent Location | Current Location | Date acquired | Full call number | Barcode | Date last seen | Price effective from | Koha item type | Public note |
|---|---|---|---|---|---|---|---|---|---|---|---|---|---|
| Military College of Signals (MCS) | Military College of Signals (MCS) | 12/12/2016 | 338,ALL | MCS30031 | 12/08/2016 | 12/12/2016 | Book | Almirah No.73, Shelf No.6 |
